| 000 | 00000nam 2200000za 4500 |
| 001 | 9.697767 |
| 003 | CaOODSP |
| 005 | 20250218113520 |
| 007 | cr ||||||||||| |
| 008 | 150407|2009||||xxc|||||o f|0| 0 eng d |
| 040 | |aCaOODSP|beng |
| 043 | |an-cn--- |
| 086 | 1 |aT29-1/2009E-PDF |
| 110 | 1 |aCanada.|bTransport Canada. |bMarine Safety. |
| 245 | 10|aGuidelines for navigation under the Confederation Bridge |h[electronic resource] |
| 250 | |aRevision 1 |
| 260 | |aDartmouth - Nova Scotia : |bTransport Canada. |cc2003, revised: December 2009. |
| 300 | |a11p.|bfig., table |
| 590 | |a13-11-Supp|b2013-04-26 |
| 690 | 07|aBridges|2gcpds |
| 690 | 07|aNavigation|2gcpds |
| 775 | 08|tLignes directrices relatives à la navigation sous le pont de la confédération |w(CaOODSP)9.641788 |
| 794 | |tGuidelines for navigation under the Confederation Bridge.|b2024|w(CaOODSP)9.946101 |
| 856 | 40|ahttp://publications.gc.ca|qPDF|s125 KB|uhttps://publications.gc.ca/collections/collection_2013/tc/T29-1-2009-eng.pdf |
| 986 | |aTP 13681E (12/2009) |